TRACE /
Сохранить в:
| Соавтор: | |
|---|---|
| Формат: | |
| Язык: | Spanish |
| Опубликовано: |
México :
CEMCA
|
| Предметы: | |
| Метки: |
Добавить метку
Нет меток, Требуется 1-ая метка записи!
|
MARC
| LEADER | 00000nam a22000007a 4500 | ||
|---|---|---|---|
| 003 | cru CIDCACS/IIS | ||
| 005 | 20230606083045.0 | ||
| 008 | 230606n mx |||p|r|||| 00| 0 spa d | ||
| 022 | |a 0185-6286 | ||
| 040 | |c cru CIDCACS/IIS | ||
| 090 | |a REV1696 | ||
| 110 | 2 | |9 11423 |a Centre d' Êstudes Mexicanos y Centraomericanos | |
| 245 | 1 | |a TRACE / |c Centre d' Êstudes Mexicanos y Centraomericanos | |
| 260 | |a México : |b CEMCA | ||
| 270 | |m cemca.bib@francia.org.mx | ||
| 500 | |a Colección Centroamérica | ||
| 500 | |a EXISTENCIAS : 2007(234-235) | ||
| 650 | 0 | |9 71 |a DESARROLLO ECONOMICO Y SOCIAL | |
| 650 | 0 | |9 388 |a GLOBALIZACION | |
| 650 | 0 | |9 4674 |a COMERCIO | |
| 650 | 0 | |9 143 |a ECONOMIA | |
| 651 | 0 | |9 308 |a CENTROAMERICA | |
| 651 | 0 | |9 3410 |a MEXICO | |
| 942 | |2 ddc |c PP | ||
| 999 | |c 45045 |d 45045 | ||
